Plus grandes villes côtières de France sur une carte - Statistiques

Statistiques générales
  • Ce quiz a été pris 103 fois
  • Le résultat moyen est 35 sur 80
Réponses sur la Carte
Les réponses sont colorées sur une échelle allant du rouge au vert en fonction du pourcentage des utilisateurs qui les ont devinées à leur premier essai. Vous pouvez retrouver ces pourcentages ci-dessous.
 
Statistiques - réponses
Département Population Ville % Correct
Bouches-du-Rhône 873k Marseille
97%
Alpes-Maritimes 343k Nice
97%
Finistère 140k Brest
94%
Nord 87k Dunkerque
93%
Charente-Maritime 77k La Rochelle
92%
Var 179k Toulon
91%
Seine-Maritime 166k Le Havre
90%
Pas-de-Calais 73k Calais
87%
Ille-et-Vilaine 47k Saint-Malo
87%
Pyrénées-Atlantiques 26k Biarritz
86%
Manche 78k Cherbourg-en-Cotentin
84%
Alpes-Maritimes 73k Cannes
80%
Morbihan 57k Lorient
80%
Loire-Atlantique 72k Saint-Nazaire
79%
Morbihan 54k Vannes
77%
Corse-du-Sud 71k Ajaccio
75%
Haute-Corse 49k Bastia
72%
La Réunion 153k Saint-Denis
72%
Pas-de-Calais 41k Boulogne-sur-Mer
70%
Aude 56k Narbonne
68%
Hérault 44k Sète
68%
Alpes-Maritimes 75k Antibes
67%
Côtes-d'Armor 44k Saint-Brieuc
67%
Guyane 65k Cayenne
63%
Var 57k Fréjus
63%
Vendée 43k Les Sables-d'Olonne
63%
Mayotte 71k Mamoudzou
62%
Alpes-Maritimes 30k Menton
62%
Martinique 76k Fort-de-France
60%
Var 55k Hyères
60%
Seine-Maritime 28k Dieppe
56%
Nouvelle-Calédonie 94k Nouméa
56%
La Réunion 85k Saint-Pierre
53%
Bouches-du-Rhône 51k Arles
51%
Bouches-du-Rhône 49k Martigues
49%
La Réunion 105k Saint-Paul
47%
Var 36k Saint-Raphaël
47%
Var 63k La Seyne-sur-Mer
46%
Pyrénées-Atlantiques 41k Anglet
45%
Alpes-Maritimes 31k Saint-Laurent-du-Var
45%
Finistère 20k Concarneau
43%
Hérault 29k Agde
40%
Guyane 24k Kourou
39%
Côtes-d'Armor 20k Lannion
39%
Alpes-Maritimes 53k Cagnes-sur-Mer
36%
Gironde 26k La Teste-de-Buch
34%
La Réunion 33k Le Port
32%
Bouches-du-Rhône 37k La Ciotat
31%
Guadeloupe 54k Les Abymes
31%
Polynésie française 26k Papeete
24%
La Réunion 57k Saint-André
24%
La Réunion 37k Saint-Benoît
21%
Martinique 40k Le Lamentin
20%
Hérault 24k Frontignan
18%
Alpes-Maritimes 22k Mandelieu-la-Napoule
18%
Morbihan 23k Lanester
17%
La Réunion 54k Saint-Louis
17%
Var 36k Six-Fours-les-Plages
16%
Alpes-Maritimes 28k Vallauris
16%
La Réunion 35k Sainte-Marie
15%
Nord 20k Grande-Synthe
13%
Polynésie française 29k Faaa
11%
Gironde 22k Gujan-Mestras
11%
Mayotte 32k Koungou
11%
Var 26k La Garde
11%
Martinique 21k Le Robert
11%
Guadeloupe 24k Sainte-Anne
11%
La Réunion 36k La Possession
9%
Guadeloupe 31k Baie-Mahault
8%
Nouvelle-Calédonie 36k Dumbea
8%
La Réunion 38k Saint-Joseph
8%
La Réunion 35k Saint-Leu
7%
Guadeloupe 27k Le Gosier
6%
Guadeloupe 24k Petit-Bourg
6%
Guyane 27k Remire-Montjoly
5%
La Réunion 25k Sainte-Suzanne
5%
Guadeloupe 23k Le Moule
3%
Nouvelle-Calédonie 27k Le Mont-Dore
2%
Nouvelle-Calédonie 24k Païta
2%
Polynésie française 28k Punaauia
2%
Aucun quiz correspondant
Distribution des résultats
% des personnes avec chaque résultat
Percentile par nombre de réponses
Votre historique - résultats
Vous n’avez pas pris ce quiz